| 000 | 01191cam a22001934a 4500 | ||
|---|---|---|---|
| 005 | 20250605164214.0 | ||
| 008 | 250528s ||||||||||||||||||||||||d | ||
| 035 | _a20408 | ||
| 020 | _a335094155 | ||
| 040 |
_aGR-AtMCL _bgre _dGR-AtMCL _eAACR2 |
||
| 245 | 1 | _aThe Ideology of the Text | |
| 260 |
_bOpen University Press, _c1990 |
||
| 300 | _a200 | ||
| 520 | _aThis book represents a provocative attack on current critical Theories through timely and vigorous reassertion of a historically-grounded criticism. Preface, Signs of the Time, Unmasking the New Idealism, Shakespeare: A Subversive Dialectic, Eliot on Milton: An Ideology Masked, Blake's Witness: Keeping the Divine Vision in Time of Trouble, Progress and Reaction in the Age of Revolution: Wordsworth and Shelley and Burke, Matthew Arnold: Culture and the Established Order, William Morris: The Change Beyond the Change, Dislocation and Despair: Eliot's View of History, Literature and Appeasement, Raymond Williams: Towards Cultural Materialism, E.P. Thompson Versus Louis Althusser: Whose Side is Marx On?, Bibliography, Index. | ||
| 700 | 1 |
_aHampton Christopher _96389 |
|
| 942 | _cBK | ||
| 999 |
_c5517 _d5517 |
||